| 000 | 00743nam a2200217Ia 4500 | ||
|---|---|---|---|
| 008 | 100315s9999 xx 000 0 und d | ||
| 020 | _a81-7493-036-1 | ||
| 082 |
_b3056 _a658.839 |
||
| 100 | _a"Rathor, B.S., Rathor, J.S. " | ||
| 245 | _aInternational Marketing | ||
| 260 |
_aMumbai _bHimalaya Publishing House _c1995 |
||
| 300 | _a483p. | ||
| 365 |
_eRupees _d1 _b325.00 |
||
| 366 | _f0 | ||
| 505 | _gTushar Jadhav | ||
| 530 | _b- | ||
| 620 | _a"Nature & Scope of International Marketing, Features of International Marketing, Clearing & Forwarding of Cargo, Trade Blocks, International Marketing Research " | ||
| 630 | _aInternational Marketing | ||
| 730 | _aInternational Marketing | ||
| 942 | _cBOOK | ||
| 999 |
_c477791 _d477788 |
||